[Event "EU-Cup 19th"]
[Site "Rethymno"]
[Date "2003.09.28"]
[Round "1.3"]
[White "Kobalia, Mihail"]
[Black "Salmensuu, Olli"]
[Result "1-0"]
[WhiteElo "2656"]
[BlackElo "2410"]
[Annotator "Mueller,Karsten"]
[PlyCount "61"]
[EventDate "2003.09.28"]
[EventType "team-swiss"]
[EventRounds "7"]
[EventCountry "GRE"]
[SourceTitle "CBM 098"]
[Source "ChessBase"]
[SourceDate "2004.02.03"]
[SourceVersion "1"]
[SourceVersionDate "2004.02.03"]
[SourceQuality "1"]
[WhiteTeam "Tomsk 400"]
[BlackTeam "Jyvaskyla JyS"]
[WhiteTeamCountry "RUS"]
[BlackTeamCountry "FIN"]

1. e4 Nc6 2. Nf3 f5 3. e5 $5 {eine interessante Antwort auf die Colorado
Verteidigung} (3. exf5 d5 4. Bb5 {stellt Schwarz ebenfalls Probleme, während} (
4. Nh4 $6 e5 5. Qh5+ g6 6. fxg6 Nf6 7. g7+ Nxh5 8. gxh8=Q Qxh4 $44 {ihm eher
in die Karten spielt.})) 3... d6 4. exd6 (4. Bb5 $5 Bd7 5. d4 Nxe5 6. Nxe5 $5 (
6. Bxd7+ Nxd7 7. Ng5 e5 8. Ne6 Qc8 9. O-O $44) 6... Bxb5 7. Qh5+ g6 8. Nxg6 Nf6
9. Qxf5 Bd7 10. Qd3 Rg8 11. Nxf8 Rxf8 12. Nc3 Rg8 13. Bf4 $14 {1/2-1/2 Smith,
C-Kraus,A/Concord 1993/EXT 2001 (50)}) 4... cxd6 (4... exd6 5. d4 Nf6 6. c3 (6.
Nc3 $5) 6... Bd7 {0-1 Rosemeyer,A-Hawellek,J/Bad Zwesten 1997/CBM 57 ext (41)}
7. Be2 Qe7 8. O-O O-O-O 9. Re1 $14) (4... e5 5. Bb5 cxd6 {1/2-1/2 Segatini,
A-Tribuiani,R/Formia 1995/EXT 97 (47)} 6. d4 e4 7. d5 a6 8. dxc6 axb5 9. cxb7
Bxb7 10. Nd4 $14) 5. d4 Nf6 (5... e5 6. dxe5 dxe5 7. Qxd8+ Kxd8 8. Bb5 $14 {
0-1 Moracchini,F-Stroppa,D/St Quentin 2001/EXT 2002 (15)}) 6. Nc3 (6. Bb5 Qa5+
(6... e6 7. Nc3 d5 {1-0 Shum,M-Freeman,N/corr 1988/MegaCorr2 (29)} 8. Ne5 Bd7
9. Bxc6 $14) 7. Nc3 a6 8. Bc4 d5 9. Bb3 e6 10. O-O Bd6 11. Re1 O-O 12. Ne2 Qc7
13. Bd2 b5 {1/2-1/2 Gulbrandsen,T-Ulvin,D/NOR 1991/EXT 2000 (24)} 14. Qc1 $14)
(6. d5 Ne5 7. Bb5+ Bd7 (7... Kf7 8. O-O Nxf3+ 9. Qxf3 Qa5 10. Nc3 $16 {1-0
Nokso Koivisto,A-Heinola,K/DDR 1985/MegaCorr2 (31)}) 8. Bxd7+ Qxd7 9. Ng5 Nf7 {
0-1 Pesztericz,L-Gross,G/Balatonbereny 1996/CBM 53 ext (42)} 10. O-O Nxg5 11.
Bxg5 Ne4 12. Bf4 Rc8 13. f3 Nf6 14. Nc3 g6 15. Be3 $14) 6... g6 $6 (6... e6 7.
Bd3 (7. d5 $5) 7... d5 8. O-O $14 {0-1 Roussos-Teenspirit/www.playchess.de
2001/MegaCorr3 (27). (27)}) 7. Bc4 $6 (7. d5 $5 Ne5 8. Bb5+ Bd7 9. Bxd7+ Nexd7
10. O-O $16) 7... Bg7 8. Qe2 (8. d5 $5 Ne5 9. Bb5+ Bd7 10. Ng5 Bxb5 11. Nxb5
Qa5+ 12. Nc3 Ne4 13. Ngxe4 fxe4 14. O-O $16) 8... d5 9. Bb5 O-O 10. O-O a6 11.
Bxc6 bxc6 12. Bf4 Ne4 13. Rfd1 (13. Be5 $5) 13... c5 14. Be5 ({Das
Qualitätsopfer} 14. dxc5 $5 {kam stark in Betracht:} Bxc3 (14... e6 15. Qe3 $36
) 15. bxc3 Nxc3 16. Qe5 Nxd1 17. Rxd1 $36) 14... Bxe5 15. Nxe5 cxd4 16. Rxd4 (
16. Nc6 Qd6 17. Nxd5 e5 18. f3 $14) 16... Qc7 17. Nf3 $6 (17. f4 Nxc3 18. bxc3
Qxc3 19. Rad1 $14) (17. Nxd5 $2 Qxe5 $19) (17. Rxd5 $2 e6 18. Rd4 Qxe5 $19)
17... Nxc3 $6 (17... e6 $5 18. Re1 Bd7 {gefällt mir besser.} (18... Rb8 $6 19.
Nd1 Bb7 20. Ne3 $11)) 18. bxc3 Qxc3 19. Rad1 (19. Re1 e6 20. Rd3 $44) 19... e6
20. h4 $6 {Weiß spielt sehr riskant und hofft, aus seiner Überlegenheit auf
den dunklen Feldern einen Königsangriff machen zu können.} (20. R4d3 Qf6 21.
Ne5 a5 22. Rb3 Ba6 23. Qe1 $44) 20... Ra7 21. R1d3 {im selben riskanten Stil
gespielt.} Qa1+ 22. Kh2 Qxa2 23. Rc3 Re7 24. Qd2 Qb1 25. Rb3 Qf1 (25... Qa1 $5)
26. Ne5 a5 27. h5 (27. Qxa5 $2 Qxf2 28. Qc5 Ree8 $17) 27... g5 28. Rg3 (28.
Qxg5+ $4 Rg7 $19) 28... h6 (28... g4 $2 29. Rgxg4+ fxg4 30. Rxg4+ Kh8 (30...
Rg7 31. Rxg7+ Kxg7 32. Qg5+ Kh8 33. h6 $18) 31. Qh6 Qxf2 32. Ng6+ Kg8 33. Nxf8+
$18) 29. Ng6 (29. f4 $5 g4 (29... Ba6 $2 30. fxg5 f4 31. Rf3 Qe2 32. Ng6 $14 {
/+/-}) 30. Qxa5 Rg7 (30... Rb7 31. Rb4 Qe1 32. c3 $14) 31. Qc5 $14) 29... Rb7
$1 {[%cal Gb7b1]} 30. Rb3 $5 (30. Nxf8 Rb1 $1 31. Rxg5+ hxg5 32. Qxg5+ Kxf8 33.
Qd8+ Kf7 34. Qc7+ $11) 30... Rxb3 $2 ({Hat Weiß nach} 30... Re8 {mehr als das
Remis nach} 31. Rxd5 exd5 32. Qxd5+ Be6 (32... Rf7 $2 33. Re3 Ref8 (33... Rxe3
$2 34. Qd8+ Re8 35. Qxe8+ Kg7 36. Qh8#) 34. Re7 $18) 33. Qxb7 Qxf2 34. Ne7+
Rxe7 35. Qxe7 Bxb3 36. Qe8+ Kg7 37. Qg6+ Kf8 38. Qxh6+ Ke8 39. cxb3 Qh4+ $11 {?
}) 31. cxb3 {Schwarz scheint tatsächlich verloren zu sein,. doch dies ist
nicht leicht zu sehen, z.B.} (31. cxb3 Re8 32. Qe3 Kf7 (32... f4 33. Qe5 Qxf2
34. Rd3 $16) (32... Ba6 33. Qe5 Kf7 34. Rxd5 exd5 35. Qxd5+ Re6 36. Qd7+ Kf6
37. Qd8+ Kg7 38. Qf8+ Kh7 39. Qf7#) (32... e5 33. Rxd5 Bb7 34. Qd2 g4 35. Nxe5
Rxe5 36. Rd8+ $18) (32... Bd7 33. Qe5 Bb5 34. Qf6 Qe2 35. f3 $16) 33. Rd3 f4
34. Qa7+ Kf6 35. Qd4+ e5 36. Qxd5 Qe2 37. Qc6+ Be6 38. Qxe8 Qxh5+ 39. Kg1 Qxg6
40. Qf8+ Qf7 41. Qxh6+ $16) 1-0

[Event "New York op"]
[Site "New York"]
[Date "1998.03.16"]
[Round "2"]
[White "Rohl Montes, Juan Armando"]
[Black "Rogers, Ian"]
[Result "1/2-1/2"]
[WhiteElo "2375"]
[BlackElo "2570"]
[Annotator "Mueller,Karsten"]
[PlyCount "37"]
[EventDate "1998.03.16"]
[EventType "swiss"]
[EventRounds "9"]
[EventCountry "USA"]
[SourceTitle "CBM 064"]
[Source "ChessBase"]
[SourceDate "1998.06.02"]
[SourceVersion "1"]
[SourceVersionDate "1998.06.02"]
[SourceQuality "1"]

1. e4 Nc6 2. Nf3 d6 3. d4 Nf6 4. Nc3 Bg4 5. Be2 e6 6. Be3 Be7 7. d5 exd5 8.
exd5 Bxf3 9. Bxf3 {das Läuferpaar gibt Weiß einen leichten aber dauerhaften
Vorteil} Ne5 10. Be2 O-O (10... c5 11. dxc6 (11. f4 $5) 11... bxc6 12. f4 Ng6
13. O-O $14 {0-1 Koelle,A-Storm,R/BL2-N 1991/BL2 (33)}) (10... Qd7 11. O-O O-O
12. h3 Rfe8 13. Qd2 a6 14. a4 Bd8 15. Rfe1 $14 {1/2-1/2 Sznapik,A-Castro,O/
Lublin 1977/MCD-r7 (39)}) 11. f4 (11. O-O a6 12. a4 Re8 13. h3 Nfd7 14. Qd2 Ng6
15. g3 $14 {1/2-1/2 Kazhgaleyev,M-Miles,A/Cappelle op 1995/EXT 95op2 (20)})
11... Ned7 12. Bf3 (12. Qd2 Nc5 13. Bf3 Qd7 14. O-O-O Rae8 15. Bd4 Bd8 16. Rhe1
Rxe1 17. Rxe1 Re8 18. g4 Rxe1+ 19. Qxe1 h6 20. h3 $14 {1/2-1/2 Dlugy,M-Miles,A/
USA-ch 1989/CBM 19/[King] (37)}) 12... Re8 13. Qd2 Nc5 (13... Nb6 14. b3 Qd7
15. O-O c5 16. h3 Nc8 17. Qd3 Bd8 18. Rae1 Ba5 19. Bd2 Nb6 20. Ne4 Bxd2 21.
Nxf6+ gxf6 22. Qxd2 $14 {0-1 Frendzas,P-Ibragimov,I/Peristeri 1993/EXP 39 (43)}
) (13... Bf8 14. O-O-O Nc5 15. g4 Nfe4 16. Nxe4 Nxe4 17. Qd4 $14 {Atlas,
V-Klinger,J/Zuerich op 1992/TD 92\11/1-0 (54)}) 14. O-O-O a5 15. g4 a4 16. g5
Nfd7 17. h4 Nb6 18. Bd4 Bf8 19. Rhe1 {Weiß steht meiner Meinung nach immer
noch etwas besser, ist er mit einem Remis gegen einen 195 Elopunkte höher
bewerteten Gegner zufrieden ?} 1/2-1/2

[Event "RUS-Cup03 Geller Memorial"]
[Site "Moscow"]
[Date "1999.02.14"]
[Round "5"]
[White "Yemelin, Vasily"]
[Black "Bondar, Anatoly T"]
[Result "1-0"]
[WhiteElo "2550"]
[BlackElo "2303"]
[Annotator "Mueller,Karsten"]
[PlyCount "131"]
[EventDate "1999.02.10"]
[EventType "swiss"]
[EventRounds "9"]
[EventCountry "RUS"]
[SourceTitle "CBM 070"]
[Source "ChessBase"]
[SourceDate "1999.06.08"]
[SourceVersion "1"]
[SourceVersionDate "1999.06.08"]
[SourceQuality "1"]

{Ich habe mich bei der Kommentierung dieser Partie auf einige
Eröffnungsreferenzen und Bemerkungen zum Turmendspiel beschränkt, weil mich
letzteres besonders interessiert hat.} 1. e4 Nc6 2. Nf3 d6 3. d4 Nf6 4. Nc3 g6
5. Bb5 a6 6. Bxc6+ bxc6 7. h3 (7. O-O Bg7 8. e5 Nd7 (8... Nd5 9. Ne4 O-O 10.
Re1 Bg4 $6 11. h3 Bxf3 12. Qxf3 dxe5 13. dxe5 Bxe5 14. Bh6 $36 {1-0 Ashley,
M-Dunne,A/Philadelphia 1992/TD 92\05 (26)}) 9. Qe2 O-O 10. e6 fxe6 11. Ng5 $14
{1/2-1/2 Euwe,M-Bogoljubow,E/Karlsbad 1941/HCL 28 (26)}) 7... Bg7 8. Be3 (8.
O-O O-O 9. Be3 Bb7 10. e5 Nd5 11. Nxd5 cxd5 12. Qd2 $14 {1/2-1/2 Hansen,
C-Teichmann,E/Lyngby op 1989/EXT 89op (67)}) 8... Rb8 9. Rb1 Bb7 10. Nd2 O-O
11. O-O Nd7 12. Nc4 f5 13. f3 e5 14. Na5 Ba8 15. d5 cxd5 16. exd5 Qf6 17. Qe2
Nc5 18. Nc6 Bxc6 19. dxc6 Qe6 20. b4 e4 21. Qd2 f4 22. Bxc5 dxc5 23. Qd5 Qxd5
24. Nxd5 e3 25. Nxc7 Rxb4 26. Rxb4 cxb4 27. Nd5 Bc3 $2 {damit bringt sich
Schwarz in Probleme.} (27... Bd4 $5 {war genauer, z.B.} 28. Re1 Kf7 29. Kf1 (
29. Nxf4 $2 Rc8 30. Re2 Rxc6 $17) 29... Rc8 30. Nxb4 a5 31. Nd3 Rxc6 32. Nxf4
Rxc2 33. Re2 $11) 28. Rb1 Re8 (28... Kf7 29. Nxc3 (29. Nxb4 $6 Rc8 30. Nd3 Rxc6
$11) 29... bxc3 30. Rb7+ Ke6 31. Rxh7 $14 {/+/-}) 29. Nxc3 bxc3 30. c7 e2 31.
Kf2 Kf7 32. Ke1 Rc8 $8 33. Rb7 Ke6 34. Kxe2 Kd7 35. Ra7 Re8+ 36. Kd3 Re3+ 37.
Kd4 Kc8 38. Ra8+ Kxc7 39. Ra7+ Kb6 40. Rxh7 Re2 41. Kxc3 Rxg2 42. Rh6 Rg3 43.
Kb4 (43. Kd4 $5 Rxf3 44. Rxg6+ Kb7 45. h4 Rh3 46. Rg4 Rf3 47. c4 Rf1 48. Kc5 f3
49. Rg7+ {kommt als Partiefortsetzung übrigens auch in Betracht.}) 43... Rxf3
44. Rxg6+ Kb7 45. h4 Rh3 46. Rg8 $2 {ich vermute einen Notationsfehler.} (46.
Rg4 Rf3 47. c4 Rf1 48. Kc5 f3 49. Rg7+ {halte ich für den Partieverlauf.})
46... Rf3 (46... Rxh4 $11) 47. c4 Rf1 48. Kc5 f3 49. Rg7+ Kb8 50. Rf7 f2 51. a4
Rh1 52. Rxf2 Rxh4 53. Rf6 Kb7 54. Rb6+ Ka7 55. Rd6 Kb7 56. Rd7+ Kb8 57. Rd4 Rh1
58. Kc6 Rh6+ 59. Rd6 Rh4 60. Rd8+ Ka7 61. Rd7+ Kb8 62. c5 Rxa4 63. Rd8+ (63.
Kb6 Rb4+ $11) 63... Ka7 64. Kc7 Rh4 65. Rd7 a5 $1 (65... Rh8 $2 66. Kc6+ Ka8 (
66... Kb8 67. Kb6 Kc8 68. Ra7 Kb8 69. c6 $18) 67. Kb6 Rb8+ 68. Kxa6 Rc8 69. Rh7
Rc6+ 70. Kb5 Rg6 71. c6 $8 Rg1 72. Rh8+ Ka7 73. c7 $18) 66. Kc8+ {die schwarze
Aufgabe überrascht mich, da die Stellung meiner Meinung nach remis ist:} (66.
Kc8+ Ka6 (66... Ka8 {ohne den a-Bauern wäre die Stellung gewonnen (1.c6 []+-),
doch so gibt es ein Wettrennen:} 67. c6 a4 68. Rd5 (68. Rd8 Rh7 69. c7 a3 70.
Re8 (70. Rd3 Rh8+ 71. Kd7 a2 $11) 70... a2 71. Kd8 a1=Q 72. c8=Q+ Ka7 $11) (68.
Rd3 Rh8+ 69. Kc7 (69. Rd8 Rh7 70. Rd4 a3 71. Ra4+ Ra7 72. Rb4 Ra5 73. c7 a2 74.
Kd7 Rc5 $11) 69... Ka7 70. Rd4 Ka6 71. Rxa4+ Kb5 72. Rd4 Kc5 $11) 68... Ka7 69.
c7 a3 70. Kd7 Rh7+ 71. Kc6 Rh6+ 72. Rd6 Rxd6+ 73. Kxd6 a2 74. c8=Q a1=Q $11)
67. Rd6+ (67. c6 Kb6 68. c7 Kc6 69. Kb8 Rb4+ 70. Kc8 Rh4 $11) 67... Kb5 68. c6
a4 (68... Kc5 69. Rf6 a4 70. c7 a3 $11) 69. c7 a3 70. Kb8 (70. Kb7 Rh7 $11)
70... Rc4 $11) 1-0

[Event "EU-ch 6th playoff qual"]
[Site "Warsaw"]
[Date "2005.07.02"]
[Round "1.2"]
[White "Erenburg, Sergey"]
[Black "Cheparinov, Ivan"]
[Result "1/2-1/2"]
[WhiteElo "2575"]
[BlackElo "2621"]
[Annotator "Mueller,Karsten"]
[PlyCount "200"]
[EventDate "2005.07.02"]
[EventType "k.o."]
[EventRounds "1"]
[EventCountry "POL"]
[SourceTitle "CBM 108"]
[Source "ChessBase"]
[SourceDate "2005.09.26"]
[SourceVersion "1"]
[SourceVersionDate "2005.09.26"]
[SourceQuality "1"]

1. e4 c5 2. c3 b6 3. d4 Bb7 4. Bd3 e6 5. Nf3 d6 6. O-O Nd7 7. Bg5 Qc7 8. Nbd2
Ngf6 9. Qe2 h6 10. Bxf6 Nxf6 11. e5 Nd7 12. exd6 Bxd6 13. Be4 O-O 14. Bxb7 Qxb7
15. Ne4 Be7 16. dxc5 Nxc5 17. Nxc5 Bxc5 18. Rfd1 Rfd8 19. Rd2 Rxd2 20. Qxd2 Be7
21. Rd1 Rd8 22. Qe2 Rxd1+ 23. Qxd1 Qe4 24. Ne1 b5 25. Kf1 a6 26. a3 g6 27. Qd3
Qc6 28. Nc2 Bc5 29. Ne3 Kg7 30. h3 Bb6 31. Nc2 Kg8 32. Nb4 Qc5 33. Qd4 Qxd4 34.
cxd4 Bxd4 35. Nxa6 Bxb2 36. Nc7 Bxa3 37. Nxb5 Bc1 38. Ke2 f5 39. Nd4 Kf7 40.
Nb3 Bg5 41. Nc5 e5 42. f3 Be7 43. Nd3 Kf6 44. Kf1 Bd6 45. Ke2 e4 46. Nf2 Bc5
47. fxe4 $3 {[%mdl 4096] Erenburg ergreift die Gelegenheit beim Schopf und
wickelt instruktiv ins Remis ab:} Bxf2 48. exf5 (48. Kxf2 $2 fxe4 49. Ke3 Ke5
$19) 48... Bc5 49. fxg6 Kxg6 50. g4 $11 {und Schwarz kann wegen des falschen
Randbauern nicht gewinnen:} Kg5 51. Kf3 Kh4 52. Kg2 Bd6 53. Kh1 Bc7 54. Kg2 Be5
55. Kh1 Bc7 56. Kg2 Bd6 57. Kh1 Bg3 58. Kg2 Be1 59. Kh2 Bc3 60. Kg2 Bb4 61. Kh2
Ba5 62. Kg2 Bc7 63. Kh1 Bb8 64. Kg2 Bd6 65. Kh1 Kg3 66. h4 Bf4 67. g5 Bxg5 68.
h5 (68. hxg5 $4 hxg5 69. Kg1 g4 70. Kh1 Kf2 $19 {[%cal Gg4g1]}) 68... Bc1 69.
Kg1 Ba3 70. Kh1 Kf2 71. Kh2 Bd6+ 72. Kh1 (72. Kh3 $4 {würde Rausers Remiszone
verlassen:} Bg3 73. Kg4 Kg2 74. Kf5 Kf3 75. Kg6 Bf4 76. Kf5 Be3 77. Ke5 Kg4 78.
Ke4 Bb6 79. Kd3 Kxh5 80. Ke2 Kg4 81. Kf1 Kf3 $19 {[%cal Gh6h1]}) 72... Kf3 73.
Kg1 Kg4 74. Kh1 Bg3 75. Kg1 Bh4 76. Kh1 Kxh5 77. Kg1 Kg4 78. Kg2 h5 79. Kg1 Bg3
80. Kh1 Kh3 81. Kg1 Bc7 82. Kh1 Kg3 83. Kg1 h4 84. Kh1 h3 85. Kg1 Kf3 86. Kh1
Ke2 87. Kg1 Bg3 88. Kh1 Kf3 89. Kg1 Kg4 90. Kh1 Kh5 91. Kg1 Kh4 92. Kh1 Bf2 93.
Kh2 Kg4 94. Kh1 Bg1 95. Kxg1 Kg3 96. Kh1 Kf3 97. Kh2 Kg4 98. Kh1 Kg3 99. Kg1
h2+ 100. Kh1 Kh3 1/2-1/2

[Event "BCF-chT 0102 (4NCL)"]
[Site "Birmingham"]
[Date "2002.05.04"]
[Round "9.2"]
[White "Plaskett, H James"]
[Black "Sherwin, James T"]
[Result "1-0"]
[WhiteElo "2462"]
[BlackElo "2339"]
[Annotator "Mueller,Karsten"]
[PlyCount "62"]
[EventDate "2001.09.22"]
[EventType "team"]
[EventRounds "11"]
[EventCountry "ENG"]
[SourceTitle "CBM 089"]
[Source "ChessBase"]
[SourceDate "2002.08.12"]
[SourceVersion "1"]
[SourceVersionDate "2002.08.12"]
[SourceQuality "1"]
[WhiteTeam "Guildford"]
[BlackTeam "Bristol"]
[WhiteTeamCountry "ENG"]
[BlackTeamCountry "ENG"]

1. e4 Nc6 2. d4 e5 3. dxe5 Nxe5 4. Nf3 Qf6 $6 {diese frühe Entwicklung der
Dame ist äußerst riskant.} 5. Nc3 $1 (5. Nxe5 Qxe5 6. Bd3 Bb4+ 7. c3 Bc5 8. O-O
Nf6 (8... d6 9. Kh1 Nf6 10. f4 Qe7 11. Qf3 Bg4 12. Qg3 $13 {0-1 Novak,K-Semrl,
M/Bled SLO 2001/The Week in Chess 334 (36)}) 9. Nd2 d5 10. Nf3 Qh5 11. Bg5 Bg4
12. Bxf6 gxf6 13. Qa4+ c6 14. Nd4 Rg8 15. Rfe1 O-O-O $132 {1-0 Clerides,
P-Damaso,R/Leon ESP 2001/The Week in Chess 367 (29)}) (5. Be2 Bb4+ (5... Bc5 6.
O-O Ne7 7. Nc3 O-O 8. Nxe5 Qxe5 9. Kh1 d6 10. f4 Qf6 $11 {1/2-1/2 Yousry,
S-Tissir,M/Cairo EGY 2001/The Week in Chess (57). (56)}) 6. Nbd2 Nxf3+ 7. Bxf3
Ne7 8. O-O O-O 9. Nb3 Nc6 10. g3 Re8 11. Bg2 $11 {1-0 Keres,P-Kevitz,A/New
York 1954/MCL 07 (46)}) 5... Bb4 6. Bd2 Nxf3+ 7. gxf3 Ne7 8. Qe2 (8. a3 Ba5 9.
Qe2 d6 (9... Nc6 10. O-O-O Nd4 11. Qd3 $16) 10. O-O-O c6 11. Kb1 Bc7 12. Rg1
Ng6 13. Bg5 Qe5 14. Qd2 Bd7 15. f4 $16 {1-0 Gombac,J-Barle,J/Skofja Loka 2000/
CBM 79 ext (27). (26)}) 8... Ng6 (8... Nc6 9. O-O-O Nd4 10. Qd3 Qxf3 $2 11.
Qxd4 Qxh1 12. Qxg7 Rf8 13. Qe5+ Kd8 14. Nd5 $18) 9. O-O-O c6 10. Kb1 Bd6 11. h4
Nf4 12. Qe3 Be5 13. Ne2 $5 {dieses Bauernopfer bricht die schwarze Blockade
und gibt Weiß aufgrund des schwarzen Entwicklungsrückstandes gefährliche
Kompensation.} Nxe2 14. Bxe2 Bxb2 15. Qb3 Bd4 16. Rhg1 h6 17. Bc1 d6 18. Bc4
Rf8 (18... O-O $2 19. Rxd4 Qxd4 20. Bb2 Qxf2 21. Rxg7+ Kh8 22. Rxf7+ Kg8 23.
Rg7+ Kh8 24. Rg1+ $18) 19. f4 b5 (19... Bxf2 $2 20. e5 dxe5 (20... Qxh4 21.
Rxg7 d5 22. Rxd5 cxd5 23. Bxd5 Kd8 24. Bxf7 Qe7 25. Ba3 {mit Angriff.}) 21.
fxe5 Qxe5 22. Rgf1 b5 23. Qf3 Bd7 24. Bf4 $16) 20. Bxb5 cxb5 $2 (20... Bd7 $1 {
war besser, z.B.} 21. e5 dxe5 22. fxe5 Bxe5 23. Rge1 Rb8 24. Bb2 Rxb5 25. Rxe5+
Qxe5 (25... Rxe5 $2 26. Qb8+ Ke7 27. Qc7 Rd8 28. Bxe5 Qxh4 29. Qd6+ Ke8 30.
Bxg7 Qe7 31. Qxh6 $18) 26. Bxe5 Rxb3+ 27. axb3 Rg8 $11) 21. Qd5 $16 Rb8 22. e5
$5 ({Plaskett will mehr als das nach} 22. Qxd4 Qxd4 23. Rxd4 g6 {entstehende
Endspiel.}) 22... dxe5 23. fxe5 Qb6 (23... Bxe5 $2 24. Rge1 $18) (23... Qa6 24.
Qxd4 Be6 25. Qb2 $16) 24. Rxd4 Be6 25. Qe4 ({Mit} 25. Qd6 Qxd6 26. Rxd6 $16 {
konnte Weiß seinen Vorteil sicher festhalten. Allerdings hat er mit den Damen
auf dem Brett größere Angriffsmöglichkeiten gegen den schwarzen König.}) 25...
Rc8 (25... Bf5 $5 {ist möglicherweise besser. Allerdings erhält Weiß auch hier
einen sehr gefährlichen Königsangriff.} 26. Qxf5 Qxd4 27. e6 $1 Rb6 (27... Qf6
$6 28. Qc5 Rb6 (28... fxe6 $2 29. Qc6+ Kf7 30. Bb2 e5 31. Qd5+ Ke8 32. Bxe5 $18
) 29. Rxg7 (29. e7 Qxe7 30. Qc8+ Qd8 31. Re1+ Re6 32. Qc6+ Qd7 33. Qa8+ $11)
29... Qxe6 (29... Qxg7 $2 30. Qc8+ Ke7 31. Qd7+ Kf6 32. Bb2+ $18) 30. Rg3 Qc4
31. Qe5+ Qe6 32. Qg7 Qe7 33. Bxh6 $16) (27... Ke7 $6 28. Bb2 Qb4 (28... g6 29.
Qf3 $40) 29. exf7 Rbd8 30. Qe5+ Kd7 31. a3 $16) (27... f6 $2 28. Qg6+ Kd8 29.
Qxg7 Re8 30. Rg4 $18) 28. Ba3 b4 29. Bb2 Qd6 30. Bxg7 Qxe6 31. Qf3 {mit
Angriff.}) 26. Rxg7 Qc5 27. Rd6 $2 (27. f4 $142 $16) 27... Qc4 $2 (27... Bf5 $1
28. Qxf5 Qb4+ 29. Bb2 Qe1+ 30. Bc1 (30. Rd1 $6 Qxd1+ 31. Bc1 Rc5 {sollte nicht
gehen.}) 30... Qb4+ $11) 28. Qxc4 $18 Rxc4 29. Bxh6 Rxh4 $6 (29... Rh8 30. Bg5
Kf8 31. Bf6 Rc8 32. Rg3 $18) 30. Bg5 Rb4+ 31. Kc1 Bd7 {und Sherwin gab auf,
ohne} (31... Bd7 32. e6 fxe6 33. Rdxd7 $18 {abzuwarten.}) 1-0

[Event "Ordzhonikidze zt 1.9"]
[Site "Ordzhonikidze"]
[Date "2000.06.16"]
[Round "8"]
[White "Moroz, Alexander"]
[Black "Mikhaletz, Lubomir"]
[Result "1-0"]
[WhiteElo "2513"]
[BlackElo "2513"]
[Annotator "Mueller,Karsten"]
[PlyCount "117"]
[EventDate "2000.06.09"]
[EventType "swiss"]
[EventRounds "9"]
[EventCountry "UKR"]
[SourceTitle "CBM 078"]
[Source "ChessBase"]
[SourceDate "2000.10.18"]
[SourceVersion "1"]
[SourceVersionDate "2000.10.18"]
[SourceQuality "1"]

1. e4 Nc6 2. d4 d5 3. Nc3 Nf6 4. e5 Ng8 5. f4 (5. Be3 Bf5 6. g4 Be6 7. f4 h5
$13 {Maciejewski,M-Okhotnik,V/Rowy 73/(111) 1998/Inf 73 (7)}) 5... Nh6 (5... h5
6. Be2 Bf5 7. a3 e6 8. Nf3 Nh6 9. O-O Bg4 $11 {0-1 Isaksen,B-Steinbacher,M/
Copenhagen 1994/EXT 94op (25)}) 6. Nf3 (6. Be2 $5) 6... Bg4 7. Be3 Nf5 8. Bf2
e6 $6 (8... Bxf3 $5 9. Qxf3 Nfxd4 10. Qd1 (10. Bxd4 Nxd4 11. Qd3 c5 12. Qxd4
cxd4 13. Bb5+ Qd7 14. Bxd7+ Kxd7 15. Ne2 Rc8 $11) 10... Nf5 11. Nxd5 e6 12. Nc3
$11 {/+/=}) 9. Bb5 $1 $14 Bb4 10. h3 Bxf3 11. Qxf3 Nh4 12. Qg3 Ng6 13. a3 Bxc3+
14. Qxc3 O-O (14... Nxf4 $2 15. Bxc6+ bxc6 16. Qxc6+ Kf8 17. O-O $16) 15. g3
Qd7 16. O-O a6 17. Bd3 $1 {das Läuferpaar gibt Weiß leichten aber sehr
dauerhaften Vorteil. Da Schwarz in der Folge seinen Angriff am Königsflügel
bremst, wendet er sich mit b3 nebst c4 dem Damenflügel zu.} Nce7 18. Qd2 f6 19.
h4 f5 20. h5 Nh8 21. Kg2 Nf7 22. Be2 Nh6 23. Bf3 b6 24. b3 Qe8 25. Qe2 Qb5 26.
Qd2 Rab8 27. Rfc1 a5 28. c4 Qd7 (28... Qxb3 $2 29. Bd1 $18) 29. c5 Rfc8 (29...
bxc5 $6 30. Qxa5 Rxb3 31. Qxc5 $16 {[%cal Ga3a8]}) 30. Bd1 Ng4 $6 (30... Qe8
$142) 31. cxb6 Rxb6 $6 (31... cxb6 32. Bxg4 fxg4 33. Qe2 $16) 32. Qxa5 $18 Qe8
33. Rxc7 $1 Rxc7 34. Qxb6 Rc6 35. Qb4 Kf8 36. Bxg4 fxg4 37. Qd2 Qxh5 38. Rc1
Qh3+ 39. Kg1 h5 40. Rxc6 Nxc6 41. f5 h4 (41... exf5 42. Qc2 Ne7 43. e6 f4 44.
Qc7 Kg8 45. Qxf4 $18) 42. fxe6 hxg3 43. Qf4+ Kg8 44. Qxg3 Qxg3+ 45. Bxg3 Nxd4
46. b4 Kf8 (46... Ne2+ 47. Kf2 Nxg3 48. Kxg3 d4 49. Kxg4 $18) 47. a4 Ke7 48. b5
Kxe6 49. b6 Nc6 50. b7 d4 51. a5 Nb8 52. Kf2 Na6 53. Ke2 Kd5 54. Kd2 Ke6 (54...
Kc6 55. e6 Kxb7 56. e7 Nc7 57. Bxc7 $18) 55. Kd3 Kd5 56. e6 Kxe6 57. Kxd4 (57.
b8=Q $4 {wäre fatal:} Nxb8 58. Bxb8 Kd7 59. a6 Kc6 60. a7 Kb7 $11 {weil der
Läufer das Umwandlungsfeld des a-Bauern nicht kontrolliert.}) 57... Kd7 58. Kd5
$1 g5 59. Bh2 $22 1-0